Экспертно-диагностическая система для выбора методов увеличения нефтеотдачи на нефтяных месторождениях в условиях нечетких входных данных; Ползуновский вестник; № 2

Dades bibliogràfiques
Parent link:Ползуновский вестник/ Алтайский государственный технический университет им. И. И. Ползунова (АлтГТУ).— , 1998-
№ 2.— 2013.— [С. 53 - 57]
Autor principal: Кононов Ю. М. Юрий Михайлович
Autor corporatiu: Национальный исследовательский Томский политехнический университет (ТПУ) Институт неразрушающего контроля (ИНК) Кафедра информационно-измерительной техники (ИИТ)
Altres autors: Гольдштейн А. Е. Александр Ефремович
Sumari:Заглавие с экрана
В работе проанализировано программное обеспечение для принятия решений в различных областях, в том числе программы выбора и оценки применимости методов увеличения нефтеотдачи. Описаны неопределённости во входной геолого-промысловой информации и предложена технология оценки применимости методов на основе использования теории нечётких множеств. Представлена авторская экспертно-диагностическая система «Матрица применимости МУН» для выбора оптимального метода увеличения нефтеотдачи на основе оценки геолого-физической информации.
Idioma:rus
Publicat: 2013
Matèries:
Accés en línia:http://elib.altstu.ru/elib/books/Files/pv2013_02/pdf/057kononov.pdf
Format: MixedMaterials Electrònic Capítol de llibre
KOHA link:https://koha.lib.tpu.ru/cgi-bin/koha/opac-detail.pl?biblionumber=637792

MARC

LEADER 00000naa0a2200000 4500
001 637792
005 20250123131129.0
035 |a (RuTPU)RU\TPU\network\1972 
035 |a RU\TPU\network\1971 
090 |a 637792 
100 |a 20141020d2013 k||y0rusy50 ca 
101 0 |a rus 
102 |a RU 
135 |a drcn ---uucaa 
181 0 |a i  
182 0 |a b 
200 1 |a Экспертно-диагностическая система для выбора методов увеличения нефтеотдачи на нефтяных месторождениях в условиях нечетких входных данных  |f Ю. М. Кононов, А. Е. Гольдштейн 
203 |a Текст  |c электронный 
300 |a Заглавие с экрана 
320 |a [Библиогр.: с. 62 (5 назв.)] 
330 |a В работе проанализировано программное обеспечение для принятия решений в различных областях, в том числе программы выбора и оценки применимости методов увеличения нефтеотдачи. Описаны неопределённости во входной геолого-промысловой информации и предложена технология оценки применимости методов на основе использования теории нечётких множеств. Представлена авторская экспертно-диагностическая система «Матрица применимости МУН» для выбора оптимального метода увеличения нефтеотдачи на основе оценки геолого-физической информации. 
337 |a Adobe Reader 
461 |t Ползуновский вестник  |f Алтайский государственный технический университет им. И. И. Ползунова (АлтГТУ)  |d 1998- 
463 |t № 2  |v [С. 53 - 57]  |d 2013 
610 1 |a электронный ресурс 
610 1 |a труды учёных ТПУ 
610 1 |a нефтеотдача 
610 1 |a экспертные системы 
610 1 |a нечеткая логика 
610 1 |a критерии 
610 1 |a функции принадлежности 
610 1 |a неопределенности 
700 1 |a Кононов  |b Ю. М.  |c специалист в области неразрушающего контроля  |c аспирант Томского политехнического университета  |f 1988-  |g Юрий Михайлович  |3 (RuTPU)RU\TPU\pers\29994 
701 1 |a Гольдштейн  |b А. Е.  |c специалист в области неразрушающего контроля  |c профессор Томского политехнического университета, доктор технических наук  |f 1954-  |g Александр Ефремович  |3 (RuTPU)RU\TPU\pers\26406 
712 0 2 |a Национальный исследовательский Томский политехнический университет (ТПУ)  |b Институт неразрушающего контроля (ИНК)  |b Кафедра информационно-измерительной техники (ИИТ)  |3 (RuTPU)RU\TPU\col\18718 
801 2 |a RU  |b 63413507  |c 20141111  |g RCR 
856 4 |u http://elib.altstu.ru/elib/books/Files/pv2013_02/pdf/057kononov.pdf 
942 |c CF